[Event "FRA-chT2D 0506"]
[Site "France"]
[Date "2006.04.02"]
[Round "11.4"]
[White "Netzer, Jacques"]
[Black "Perisse, Loic"]
[Result "0-1"]
[WhiteElo "2017"]
[BlackElo "2073"]
[PlyCount "56"]
[EventDate "2005.10.27"]
[EventType "team-tourn"]
[EventRounds "11"]
[EventCountry "FRA"]
[SourceTitle "EXT 2006"]
[Source "ChessBase"]
[SourceDate "2005.11.24"]
[SourceVersion "1"]
[SourceVersionDate "2005.11.24"]
[SourceQuality "1"]
[WhiteTeam "Bischwiller"]
[BlackTeam "Gueugnon"]
[WhiteTeamCountry "FRA"]
[BlackTeamCountry "FRA"]

1. e4 d6 2. d4 Nf6 3. Nc3 g6 4. f4 Bg7 5. a3 0-0 6. Nf3 c5 7. dxc5 dxc5 8. Qxd8 Rxd8 9. e5 Nd5 10. Nxd5 Rxd5 11. Be3 b6 12. Ng5 Ba6 13. c4 Rd8 14. Rb1 Nc6 15. b4 Nd4 16. bxc5 bxc5 17. Ne4 Rac8 18. Kf2 f6 19. exf6 exf6 20. Bd3 Ne6 21. Rhd1 f5 22. Ng3 Rb8 23. Be2 Bd4 24. Nf1 Rxb1 25. Rxb1 Nxf4 26. Bxd4 Rxd4 27. Rc1 Nxe2 28. Kxe2 Rxc4 0-1

[Event "FRA-chT2D 0506"]
[Site "France"]
[Date "2006.03.11"]
[Round "8.6"]
[White "Perisse, Loic"]
[Black "Guyard, Rodolphe"]
[Result "0-1"]
[WhiteElo "2073"]
[BlackElo "2162"]
[PlyCount "64"]
[EventDate "2005.10.27"]
[EventType "team-tourn"]
[EventRounds "11"]
[EventCountry "FRA"]
[SourceTitle "EXT 2006"]
[Source "ChessBase"]
[SourceDate "2005.11.24"]
[SourceVersion "1"]
[SourceVersionDate "2005.11.24"]
[SourceQuality "1"]
[WhiteTeam "Gueugnon"]
[BlackTeam "Evry II"]
[WhiteTeamCountry "FRA"]
[BlackTeamCountry "FRA"]

1. d4 e6 2. e4 b6 3. Be3 Nf6 4. f3 Be7 5. Qd2 a5 6. c4 d6 7. Nc3 Nc6 8. 0-0-0 a4 9. Qf2 a3 10. b3 Nb4 11. e5 Nd7 12. exd6 cxd6 13. d5 0-0 14. Qd2 Nc5 15. Bxc5 bxc5 16. g4 f5 17. Qg2 Bg5+ 18. Kb1 Qf6 19. Nb5 exd5 20. Nc7 fxg4 21. Nxd5 Qf5+ 22. Bd3 Nxd3 23. fxg4 Qf2 24. Rd2 Qe1+ 25. Kc2 Qxd2+ 26. Qxd2 Bxd2 27. Kxd3 Bf4 28. Ne2 Be5 29. h3 Bb7 30. h4 Bxd5 31. cxd5 Rf3+ 32. Ke4 Raf8 0-1

[Event "FRA-chT3 Gr12 0304"]
[Site "Loire"]
[Date "2003.10.12"]
[Round "1.4"]
[White "Perisse, Loic"]
[Black "Covolo, Thierry"]
[Result "1-0"]
[WhiteElo "2030"]
[BlackElo "1960"]
[PlyCount "71"]
[EventDate "2003.10.12"]
[EventType "team"]
[EventRounds "9"]
[EventCountry "FRA"]
[SourceTitle "EXT 2008"]
[Source "ChessBase"]
[SourceDate "2007.11.25"]
[SourceVersion "1"]
[SourceVersionDate "2007.11.25"]
[SourceQuality "1"]

1. e4 c5 2. c3 Nf6 3. e5 Nd5 4. Bc4 Nb6 5. Bb3 c4 6. Bc2 Nc6 7. Qe2 Qc7 8. Nf3 g6 9. Na3 Na5 10. 0-0 Bg7 11. Nb5 Qc5 12. Nd6+ Kf8 13. Ne4 Qc7 14. Ng3 Nc6 15. Re1 d6 16. exd6 Qxd6 17. h3 Be6 18. b4 Nxb4 19. Ba3 Qxg3 20. fxg3 Nxc2 21. Bb2 Nxa1 22. Rxa1 Bf6 23. g4 h6 24. Ba3 Kg7 25. Rb1 Rhd8 26. Bc5 Rd7 27. Bd4 Rd6 28. Bxf6+ exf6 29. Nd4 Rad8 30. Rb2 Bd5 31. Nb5 Re6 32. Qf2 Rde8 33. Nd4 Re1+ 34. Kh2 Na4 35. Rb5 R8e5 36. Rxd5 1-0

[Event "FRA-chT U18"]
[Site "France"]
[Date "1996.??.??"]
[Round "?"]
[White "Germain, Christophe"]
[Black "Perisse, Loic"]
[Result "0-1"]
[WhiteElo "1930"]
[BlackElo "1730"]
[PlyCount "82"]
[EventDate "1996.??.??"]
[EventType "team"]
[EventRounds "11"]
[EventCountry "FRA"]
[SourceTitle "EXT 2004"]
[Source "ChessBase"]
[SourceDate "2003.11.25"]
[SourceVersion "1"]
[SourceVersionDate "2003.11.25"]
[SourceQuality "1"]

1. e4 d6 2. d4 Nf6 3. Nc3 g6 4. f4 Bg7 5. Nf3 c5 6. dxc5 Qa5 7. Bd3 Qxc5 8. Qe2 Nc6 9. a3 Ng4 10. Bd2 Nd4 11. Nxd4 Bxd4 12. Bb5+ Kf8 13. b4 Bf2+ 14. Kf1 Qh5 15. h3 Be6 16. Rd1 Rc8 17. hxg4 Qxh1+ 18. Kxf2 Qh4+ 19. Kg1 Bxg4 20. Qe1 Qh5 21. Rc1 f6 22. Bd3 h6 23. Qf2 b6 24. Ne2 g5 25. f5 Bxe2 26. Bxe2 Qf7 27. c4 h5 28. Be3 h4 29. c5 dxc5 30. Bc4 Qh5 31. bxc5 bxc5 32. Be6 Rd8 33. Bxc5 Rd1+ 34. Rxd1 Qxd1+ 35. Kh2 g4 36. Bxe7+ Ke8 37. Qe3 h3 38. Kg3 hxg2 39. Kxg2 Qh1+ 40. Kg3 Rh3+ 41. Kf4 Rxe3 0-1